team handball : (Record no. 156890)

MARC details
000 -LEADER
fixed length control field 00701nam a2200253 i 4500
001 - CONTROL NUMBER
control field C2-0200191
003 - CONTROL NUMBER IDENTIFIER
control field PPAK
005 - DATE AND TIME OF LATEST TRANSACTION
control field 20180728100527.0
008 - FIXED-LENGTH DATA ELEMENTS--GENERAL INFORMATION
fixed length control field 990206s1997 ilua|||| ||||| | eng d
020 ## - INTERNATIONAL STANDARD BOOK NUMBER
International Standard Book Number 0873224116
040 ## - CATALOGING SOURCE
Original cataloging agency PPAK
Language of cataloging eng
Transcribing agency PPAK
Description conventions rda
082 04 - DEWEY DECIMAL CLASSIFICATION NUMBER
Classification number 796.312
Edition number 23
090 00 - LOCALLY ASSIGNED LC-TYPE CALL NUMBER (OCLC); LOCAL CALL NUMBER (RLIN)
Classification number (OCLC) (R) ; Classification number, CALL (RLIN) (NR) 796.312
Feature heading CLA
Feature heading R
100 1# - MAIN ENTRY--PERSONAL NAME
Personal name Clanton, Reita E.,
Relator term author
245 10 - TITLE STATEMENT
Title team handball :
Remainder of title step to success
264 #1 - PRODUCTION, PUBLICATION, DISTRIBUTION, MANUFACTURE, AND COPYRIGHT NOTICE
Place of production, publication, distribution, manufacture Champaign, Illinois :
Name of producer, publisher, distributor, manufacturer Human Kinetics ,
Date of production, publication, distribution, manufacture, or copyright notice 1997
300 ## - PHYSICAL DESCRIPTION
Extent vii, 159 pages :
Other physical details illustrations ;
Dimensions 28 cm
336 ## - CONTENT TYPE
Source rdacontent
Content type term text
337 ## - MEDIA TYPE
Source rdamedia
Media type term unmediated
338 ## - CARRIER TYPE
Source rdacarrier
Carrier type term volume
650 10 - SUBJECT ADDED ENTRY--TOPICAL TERM
Topical term or geographic name entry element Team handball
700 ## - ADDED ENTRY--PERSONAL NAME
Relator term author
942 ## - ADDED ENTRY ELEMENTS (KOHA)
-- dc
Koha item type Book
Holdings
Withdrawn Not for loan Current library Shelving location Date acquired Full call number Barcode Date last seen Koha item type
  Not For Loan Perpustakaan Alor Setar Rujukan Dewasa 06/02/1999 R 796.312 CLA A00257447 01/06/2018 Book
  Not For Loan Perpustakaan Awam Sungai Petani Rujukan Dewasa 14/03/2004 R 796.312 CLA A00257448 01/06/2018 Book
  Not For Loan Perpustakaan Jitra Rujukan Dewasa 06/02/1999 R 796.312 CLA A00257449 01/06/2018 Book
  Not For Loan Perpustakaan Kulim Rujukan Dewasa 06/02/1999 R 796.312 CLA A00257450 01/06/2018 Book